000 02757nam0a2200409 4500
001 RU\NLR\BIBL_A\022058239
005 20250909130733.0
010 _a978-5-98344-738-7
_9500
021 _aRU
_bКН-П-23-059957
_9КН-П-23-6065
035 _a(NLR Aleph) 022058239
035 _a(RuMoRGB)012138683
090 _a12619282
_c12619282
100 _a20231024d2023 u y0rusy50 ca
101 0 _arus
102 _aRU
105 _ay j 000zy
181 0 _ai4
_baxxe
182 0 _an
200 1 _aГосударственное управление социальной сферой
_eучебное пособие для бакалавров
_eпо направлению подготовки "Государственное и муниципальное управление"
_fА. А. Барабанов, А. А. Лихтин, А. И. Лушин
_gФедеральное государственное бюджетное образовательное учреждение высшего образования "Российская академия народного хозяйства и государственной службы при Президенте Российской Федерации", Северо-Западный институт управления
203 _aТекст
_bвизуальный
_cнепосредственный
210 _aСанкт-Петербург
_c[б. и.]
_d2023
215 _a104 с.
_d21
300 _aНа обл. авт. не указаны
320 _aБиблиогр.: с. 101-104 (50 назв.)
606 1 _aСоциальная политика
_jУчебные издания для высших учебных заведений
_xГосударственно-правовые вопросы
_92280814
_3RU\NLR\AUTH\661366520
606 1 _aГосударственное управление
_jУчебные издания для высших учебных заведений
_yРоссия
_91473026
_3RU\NLR\AUTH\66316934
606 1 _aГосударство социальное
_jУчебные издания для высших учебных заведений
_yРоссийская Федерация
_92207947
_3RU\NLR\AUTH\661326479
686 1 _aХ2(2)я73
686 1 _aХ621я73
686 1 _aХ620.2я73
700 1 _aБарабанов
_bА. А.
_cканд. полит. наук
_gАнтон Анатольевич
_92675806
_3RU\NLR\AUTH\770283876
701 1 _7ca
_8rus
_aЛихтин
_bА. А.
_gАнатолий Алексеевич
_9173098
_3RU\NLR\AUTH\770173149
701 1 _aЛушин
_bА. И.
_gАлександр Иванович
942 _cBOOK
980 _aNB